000 00914nam a22002897a 4500
003 CHAP
005 20220329134936.0
008 971013s r 00010 d
010 _a28440
011 _a29412
035 _a33523
040 _cCHAP
090 _aR-4
100 0 0 _aFassett, Norman C.
_939820
245 _aPreliminary reports of the flora of Wisconsin. XXIX. Anacaradiaceas
500 _aSobretiro de: Trans. Wisconsin Acad. Sciences, Arts and Letters 32 : 103-106, 1940
501 _aEnc. con otro impreso similar
590 _aBATCH-UPD
_b10
_c20130110
_lUCH01
_h1040
590 _aBATCH-UPD
_b10
_c20130410
_lUCH01
_h0640
590 _aBATCH-UPD
_b10
_c20130914
_lUCH01
_h0323
590 _aCONVERSION
_b10
_c20130109
_lUCH01
_h1316
650 1 4 _aAnacardiaceae.
_95463
650 1 4 _aBotánica
_xE.U.A.
_914533
901 _aBK
942 _cREIMP
949 _aR-4
_bBC
_cR
_d-78058
_eTS1
_i33523
_si
999 _c28440
_d28440